00670 a2200205 450000500170000001000130001702000230003003500130005303700160006608200120008210000310009424500500012526000360017527000140021130000250022550000100025094200310026099900190029195201540031020240419142621.0 aB-758655 a0761994246c295.00 aB-758655 bGift/Unesco a659.132 aValladares, June A.964953 aThe Craft of Copywriting/cJune A. Valladares aNew DelhibResponse Booksc2000 aNew Delhi a288p.;c24cm. (Pbk) aIndex adplcEN2ddch659.132mVAL c202302d202302 001040708NFICaJPbJPd2024-04-19eGift/4.4.24g295.00l1o659.132 VALpB-758655r2024-09-12 00:00:00s2024-09-09t1v295.00w2024-04-19yENzGift